000 00531nam a22001817a 4500
999 _c192841
_d192841
005 20221006164711.0
010 _aENG-135322
020 _a9788179664025
_c500.00
035 _aEN-118854
037 _bDBAD/PUB
082 _a181.4
100 _aKalarani Ponna Kumar
245 _aSelf Discovery/
_cby Kalarani Ponna Kumar
260 _aChennai
_bEmerald Publishers
_c2016
270 _a15A,First Floor,Casa Major Road Egmore,
_bChennai
_e600008
300 _a195p.
_c22cm(pbk)
942 _2ddc
_cEN
_mKAL
_h181.4